Kluby La Liga Santander 2023/24 - Statystyki

Ogólne statystyki
  • Ten quiz został rozwiązany 2 691 razy
    1 256 od ostatniego zresetowania
  • Średni wynik to 12 z 20
Statystyki odpowiedzi
Zespół % Poprawnych
Real Madryt
98%
Barcelona
96%
Atletico Madryt
89%
Girona
77%
Real Sociedad
76%
Sevilla
76%
Valencia CF
72%
Athletic Bilbao
68%
Real Betis
63%
Getafe CF
59%
UD Las Palmas
55%
RCD Mallorca
53%
Cadiz CF
50%
Celta Vigo
49%
Granada CF
48%
CA Osasuna
47%
UD Almeria
46%
Villarreal CF
46%
Rayo Vallecano
43%
Deportivo Alaves
37%
Nie znaleziono quizów pasujących do podanych kryteriów
Rozkład punktacji
Procent ludzi z każdym wynikiem
Percentyl według liczby udzielonych odpowiedzi
Twoja historia wyników
Nie rozwiązałeś tego quizu od ostatniego zresetowania